Behavior and adaptation in long-term prison inmates

A comprehensive set of measures of behavior, emotional states, and cognitions was gathered longitudinally for a sample of long-term prison inmates across more than 7 years from the beginning of their terms. Over time they became more involved in work and other structured activities, and less involve...

Descripción completa

Guardado en:  
Detalles Bibliográficos
Autor principal: Zamble, Edward (Autor)
Tipo de documento: Print Artículo
Lenguaje:Inglés
Publicado: 1992
En: Criminal justice and behavior
Año: 1992, Volumen: 19, Número: 4, Páginas: 409-425
Verificar disponibilidad: HBZ Gateway
Palabras clave:

MARC

LEADER 00000caa a22000002c 4500
001 1640346120
003 DE-627
005 20220608131757.0
007 tu
008 160223s1992 xx ||||| 00| ||eng c
035 |a (DE-627)1640346120 
035 |a (DE-576)456122346 
035 |a (DE-599)BSZ456122346 
040 |a DE-627  |b ger  |c DE-627  |e rakwb 
041 |a eng 
100 1 |a Zamble, Edward  |4 aut 
245 1 0 |a Behavior and adaptation in long-term prison inmates  |c Edward Zamble 
264 1 |c 1992 
336 |a Text  |b txt  |2 rdacontent 
337 |a ohne Hilfsmittel zu benutzen  |b n  |2 rdamedia 
338 |a Band  |b nc  |2 rdacarrier 
520 |a A comprehensive set of measures of behavior, emotional states, and cognitions was gathered longitudinally for a sample of long-term prison inmates across more than 7 years from the beginning of their terms. Over time they became more involved in work and other structured activities, and less involved in casual socializing with other inmates, but their rates of contact with people on the outside were maintained. These changes were accompanied by evidence of improved adaptation, including considerable decreases over time in dysphoric emotional states, and also decreases in stress-related medical problems and the number of disciplinary incidents. Although these beneficial effects cannot easily be interpreted as the effects of long-term imprisonment, the entire pattern of results provides strong evidence against expectations of widespread or generalized deleterious effects 
773 0 8 |i In  |t Criminal justice and behavior  |d Thousand Oaks, Calif. [u.a.] : Sage Publ., 1974  |g 19(1992), 4, Seite 409-425  |w (DE-627)166550876  |w (DE-600)221215-8  |w (DE-576)015017524  |x 0093-8548  |7 nnas 
773 1 8 |g volume:19  |g year:1992  |g number:4  |g pages:409-425 
776 1 |o 10.1177/0093854892019004005 
935 |a mkri 
951 |a AR 
ELC |b 1 
LOK |0 000 xxxxxcx a22 zn 4500 
LOK |0 001 3301944159 
LOK |0 003 DE-627 
LOK |0 004 1640346120 
LOK |0 005 20160223101713 
LOK |0 008 160208||||||||||||||||ger||||||| 
LOK |0 040   |a DE-21-110  |c DE-627  |d DE-21-110 
LOK |0 689   |a s  |a Langzeithäftlinge 
LOK |0 852   |z Kein Bestand am IfK; Nachweis für KrimDok 
LOK |0 852   |a DE-21-110 
LOK |0 852 1  |m v  |9 00 
LOK |0 935   |a k110 
LOK |0 938   |k v 
LOK |0 939   |a 08-02-16  |b l01 
ORI |a SA-MARC-krimdoka001.raw